Wallis et Futuna en images - Statistiques

Statistiques générales
  • Ce quiz a été pris 62 fois
  • Le résultat moyen est 7 sur 12
Statistiques - réponses
Par images Hint Réponse % Correct
Le nom de cet alcool local ? Le Kava
93%
Mode de cuisson traditionnel Le Umu
76%
Fruit présent là-bas qui ne se consomme que cuit Fruit à pain
71%
Dessert local Le faikai
63%
Coin dédié spécifiquement pour les hommes, pour ce mode de cuisson Le paito
63%
Récipient en bois ou dans lequel on brasse l'alcool local ? Le Tanoa
61%
Le chef-lieu de Wallis Matā'utu
56%
Missionnaire mort à Futuna en 1841 Pierre Chanel
54%
Rugbyman originaire de Futuna Yoram Moefana
54%
Le nom de l'étendue d'eau au large du littoral de Wallis ? Le lagon
37%
Vestige historique construit par les Tongiens Le Fort Tongien de Talietumu
32%
Le village ou se trouve cette basilique ? Poi
29%
Aucun quiz correspondant
Distribution des résultats
% des personnes avec chaque résultat
Percentile par nombre de réponses
Votre historique - résultats
Vous n’avez pas pris ce quiz